书目信息 |
| 题名: |
中东战争全史
|
|
| 作者: | 田上四郎 著 ;军事科学院外国军事研究部 译 | |
| 分册: | ||
| 出版信息: | 北京 解放军出版社 1985.1 |
|
| 页数: | 493页 | |
| 开本: | 20cm | |
| 丛书名: | ||
| 单 册: | ||
| 中图分类: | E379 | |
| 科图分类: | ||
| 主题词: | 军事 | |
| 电子资源: | ||
| ISBN: | ||
| 000 | 00694nam0 2200217 45 | |
| 001 | 0211141574 | |
| 005 | 20040422151846.6 | |
| 010 | @dCNY2.70 | |
| 091 | @a11185.19 | |
| 100 | @a20021114d1985 km y0chiy0120 ea | |
| 101 | 0 | @achi@cjpn |
| 105 | @aabk z 000yy | |
| 200 | 1 | @a中东战争全史@AZhong Dong Zhan Zheng Quan Shi@f(日)田上四郎著@F(Ri)TianShang Si Lang Zhu@g军事科学院外国军事研究部译 |
| 210 | @a北京@c解放军出版社@d1985.1 | |
| 215 | @a493页@c插图,地图,表格@d20cm | |
| 606 | 0 | @a军事 |
| 690 | @aE379@v3 | |
| 701 | 0 | @a田上四郎@4著 |
| 711 | 02 | @a军事科学院外国军事研究部@AJun Shi Ke Xue Yuan Wai Guo Jun Shi Yan Jiu Bu@4译 |
| 801 | @aCN@bTSTC@c20030918 | |
| 905 | @dE379@e11@f1@b140640 | |
| 中东战争全史/(日)田上四郎著/军事科学院外国军事研究部译.-北京:解放军出版社,1985.1 |
| 493页:插图,地图,表格;20cm |
| ISBN :CNY2.70 |
| ● |
| 相关链接 |
|
|
|
|
正题名:中东战争全史
索取号:E379/11
 
预约/预借
| 序号 | 登录号 | 条形码 | 馆藏地/架位号 | 状态 | 备注 |
| 1 | 0140638 | 001840583 | 密集书库/ [索取号:E379/11] | 在馆 | |
| 2 | 0140639 | 001262500 | 密集书库/ [索取号:E379/11] | 在馆 | |
| 3 | 0140640 | 001262868 | 第一借阅区/ [索取号:E379/11] | 在馆 | |
| 4 | 0140641 | 001262519 | 密集书库/ [索取号:E379/11] | 在馆 | |
| 5 | 0140642 | 001262877 | 第一样本阅览室/ [索取号:E379/11] | 在馆 |